[Event "NED-ch U12 op"]
[Site "Borne"]
[Date "2019.08.10"]
[Round "13"]
[White "Wieggers, Wouter"]
[Black "Coffeng, Jay"]
[Result "1-0"]
[WhiteElo "1507"]
[BlackElo "1185"]
[PlyCount "85"]
[EventDate "2019.08.05"]
[EventType "swiss"]
[EventRounds "13"]
[EventCountry "NED"]
[SourceTitle "EXT 2020"]
[Source "ChessBase"]
[SourceDate "2019.10.17"]
[SourceVersion "1"]
[SourceVersionDate "2019.10.17"]
[SourceQuality "1"]

1. e4 e5 2. Nf3 Nc6 3. Bc4 Bc5 4. c3 Nf6 5. d4 exd4 6. cxd4 Bb4+ 7. Nc3 0-0 8. d5 Ne7 9. e5 Ne4 10. Bd2 Nxd2 11. Qxd2 Re8 12. 0-0 Ng6 13. Rfe1 Rb8 14. d6 b5 15. Bb3 Bb7 16. Qg5 cxd6 17. Qf5 Rf8 18. exd6 Bxf3 19. Qxf3 Bxd6 20. Rad1 Qc7 21. Nd5 Qc6 22. Qd3 Ne5 23. Rxe5 Bxe5 24. Ne7+ Kh8 25. Nxc6 dxc6 26. g3 Bxb2 27. Qc2 Bf6 28. Qxc6 h6 29. Rd7 Rfc8 30. Qd6 Rc1+ 31. Kg2 Rbc8 32. Rxf7 Re1 33. Bc2 Rxc2 34. Rf8+ Kh7 35. Qd3+ g6 36. Qxc2 Bg7 37. Rf7 Re8 38. Rxa7 b4 39. Qb3 Rb8 40. Qc4 h5 41. Rxg7+ Kxg7 42. Qc7+ Kh6 43. Qxb8 1-0

[Event "NED-ch U12 op"]
[Site "Borne"]
[Date "2019.08.09"]
[Round "11"]
[White "Ponomarev, Ivan"]
[Black "Wieggers, Wouter"]
[Result "1-0"]
[WhiteElo "1433"]
[BlackElo "1507"]
[PlyCount "53"]
[EventDate "2019.08.05"]
[EventType "swiss"]
[EventRounds "13"]
[EventCountry "NED"]
[SourceTitle "EXT 2020"]
[Source "ChessBase"]
[SourceDate "2019.10.17"]
[SourceVersion "1"]
[SourceVersionDate "2019.10.17"]
[SourceQuality "1"]

1. e4 d5 2. exd5 Nf6 3. c4 e6 4. dxe6 Bxe6 5. Be2 Bc5 6. Nf3 Nc6 7. 0-0 Qd7 8. Nc3 h6 9. b3 g5 10. Bb2 g4 11. Ne1 Rg8 12. Nc2 0-0-0 13. Nb5 Ne4 14. d4 Bb4 15. d5 Nd2 16. Nxb4 Nf3+ 17. Bxf3 gxf3 18. Qxf3 Bh3 19. dxc6 bxc6 20. Nxa7+ Kb7 21. Qxc6+ Qxc6 22. Naxc6 Bxg2 23. Nxd8+ Kc8 24. f3 Bxf1+ 25. Kxf1 Kxd8 26. Rd1+ Kc8 27. Nd5 1-0

[Event "NED-ch U12 op"]
[Site "Borne"]
[Date "2019.08.09"]
[Round "9"]
[White "Wieggers, Wouter"]
[Black "Folkers, Sono"]
[Result "1-0"]
[WhiteElo "1507"]
[BlackElo "1035"]
[PlyCount "39"]
[EventDate "2019.08.05"]
[EventType "swiss"]
[EventRounds "13"]
[EventCountry "NED"]
[SourceTitle "EXT 2020"]
[Source "ChessBase"]
[SourceDate "2019.10.17"]
[SourceVersion "1"]
[SourceVersionDate "2019.10.17"]
[SourceQuality "1"]

1. e4 e5 2. Nf3 Nc6 3. Bc4 Bc5 4. c3 Nf6 5. d4 exd4 6. cxd4 Bb4+ 7. Nc3 0-0 8. Bg5 Re8 9. e5 d6 10. 0-0 dxe5 11. dxe5 Qxd1 12. Raxd1 Bxc3 13. bxc3 Ne4 14. Rd3 Bg4 15. Bf4 g5 16. Nxg5 Nxg5 17. Bxg5 Be2 18. Rg3 Bxc4 19. Be7+ Kh8 20. Bf6# 1-0